000
00321nam a22001337a 4500
008
230620b xxu||||| |||| 00| 0 eng d
020
_a
9231018426
082
_a
306.42
_b
UNESCO 1981
110
_b
UNESCO
245
_a
Domination or Sharing?
260
_a
France
_b
United Nations
_c
1981
300
_a
288p
942
_2
ddc
_c
BK
999
_c
1488
_d
1488